Diccionario filosófico

Uloženo v:
Podrobná bibliografie
Hlavní autor: Savater, Fernando (Autor)
Médium: Kniha
Jazyk:španělština
Vydáno: Barcelona Planeta 1999
Vydání:2a. ed
Témata:
Tagy: Přidat tag
Žádné tagy, Buďte první, kdo vytvoří štítek k tomuto záznamu!

MARC

LEADER 00000nam a2200000 a 4500
001 UCI7220
003 CL-VaPUC
008 080613e19990000SP |||||||||||||||||spa|d
020 |a 8408021222 
082 0 4 |a 103  |b SAV  |2 21 
100 0 |a Savater, Fernando  |e author  |9 530381 
245 1 0 |a Diccionario filosófico 
250 |a 2a. ed 
300 |a 457 p 
942 |c BK 
945 |d 20080613 00:00:00  |a jtorresc 
260 |a Barcelona  |b Planeta  |c 1999 
650 0 |a Diccionarios  |9 256200 
650 0 |a Filosofía   |9 223554 
650 0 |a Glosarios  |9 261047 
650 7 |a TERMINOLOGIA  |2 CL-VaPUC  |9 254881 
583 |a last modification  |c 20080613 00:00:00  |k Rodrigo Vera 
999 |c 330571  |d 330569 
952 |0 0  |1 0  |4 0  |6 103_000000000000000_SAV_1999  |7 0  |8 A  |9 416172  |a BIBEDU  |b BIBEDU  |d 2019-11-22  |i 4450264  |o 103 SAV 1999  |p 4450264  |r 2019-11-22  |w 2019-11-22  |y BK  |k EBA